000
00333 a2200145 4500
001
171419
020
_a
040
_c
Magnum
100
_a
Lispector, Clarice
240
1
0
_a
Uma aprendizagem ou livro dos prazeres
_l
por
245
1
0
_a
Uma aprendizagem ou livro dos prazeres
362
0
_a
1899
697
_a
A/ROMANCE
942
_c
BK
999
_c
171419
_d
171419